Степан Григорьевич Писахов (Запись № 9924083)

Подробности
000 -МАРКЕР
контрольное поле 02042nam0a2200397 4500
001 - ИДЕНТИФИКАТОР ЗАПИСИ
контрольное поле RU\NLR\BIBL_A\010450099
005 - ИДЕНТИФИКАТОР ВЕРСИИ
контрольное поле 20221101153533.0
010 ## - МЕЖДУНАРОДНЫЙ СТАНДАРТНЫЙ НОМЕР КНИГИ (ISBN)
Номер (ISBN) 978-5-85879-869-9
Тираж 700
021 ## - НОМЕР ГОСУДАРСТВЕННОЙ РЕГИСТРАЦИИ
Код страны Российская Федерация
Номер 2014-41393
Номер Листа государственной регистраци 2521
035 ## - ДРУГИЕ СИСТЕМНЫЕ НОМЕРА
Идентификатор записи (NLR Aleph) 010450099
035 ## - ДРУГИЕ СИСТЕМНЫЕ НОМЕРА
Идентификатор записи (NILC)RuMoRGB-007502192
100 ## - ДАННЫЕ ОБЩЕЙ ОБРАБОТКИ
Данные общей обработки 20140811d2012 u y0rusy50 ca
101 0# - ЯЗЫК РЕСУРСА
Язык текста, звукозаписи и т.д. русский
102 ## - СТРАНА ПУБЛИКАЦИИ ИЛИ ПРОИЗВОДСТВА
Страна публикации Российская Федерация
105 ## - ПОЛЕ КОДИРОВАННЫХ ДАННЫХ: ТЕКСТОВЫЕ МАТЕРИАЛЫ, МОНОГРАФИЧЕСКИЕ
Кодированные данные о монографическом текстовом документе a|||a|||001yd
200 1# - ЗАГЛАВИЕ И СВЕДЕНИЯ ОБ ОТВЕТСТВЕННОСТИ
Основное заглавие Степан Григорьевич Писахов
Сведения, относящиеся к заглавию библиографический указатель
Первые сведения об ответственности Гос. бюджетное образовательное учреждение культуры Архангельской обл. "Архангельская обл. науч. ордена "Знак Почета" б-ка им. Н. А. Добролюбова"
Последующие сведения об ответственности [сост.: Н. А. Королькова, Л. А. Толочин]
210 ## - ПУБЛИКАЦИЯ, РАСПРОСТРАНЕНИЕ И ДР.
Место издания, распространения и т.д. Архангельск
Имя издателя, распространителя и т. д. Правда Севера
Дата издания, распространения и т.д. 2012
215 ## - ФИЗИЧЕСКАЯ ХАРАКТЕРИСТИКА
Специфическое обозначение материала и объем 220, [3] с., [4] л. ил., портр.
Другие сведения о физической характеристике ил., портр.
Размеры 17
225 1# - СЕРИЯ
Основное заглавие серии Северная библиотека
300 ## - ОБЩИЕ ПРИМЕЧАНИЯ
Текст примечания Загл. обл.: Степан Писахов
320 ## - ПРИМЕЧАНИЯ О НАЛИЧИИ В ДОКУМЕНТЕ БИБЛИОГРАФИИ / УКАЗАТЕЛЯ
Текст примечания Указ.: с. 192-207
512 1# - ЗАГЛАВИЕ ОБЛОЖКИ
Заглавие обложки Степан Писахов
600 #1 - ИМЯ ЛИЦА КАК ПРЕДМЕТ
Начальный элемент ввода Писахов
Часть имени, кроме начального элемента ввода С.Г.
Расширение инициалов личного имени Степан Григорьевич
Даты 1879 - 1960
Формальный подзаголовок Биобиблиография
Код системы nlr_sh2
Идентификатор авторитетной/нормативной записи RU\NLR\AUTH\66414862
686 1# - ИНДЕКСЫ ДРУГИХ КЛАССИФИКАЦИЙ
Индекс Ш5(2=Р)7-4Писахов
686 1# - ИНДЕКСЫ ДРУГИХ КЛАССИФИКАЦИЙ
Индекс Щ143(2Р=Рус)7-8Писахов
702 #1 - ИМЯ ЛИЦА - ВТОРИЧНАЯ ОТВЕТСТВЕННОСТЬ
Начальный элемент ввода Писахов
Часть имени, кроме начального элемента ввода С. Г.
Даты 1879-1960
Расширение инициалов личного имени Степан Григорьевич
Идентификатор авторитетной/нормативной записи RU\NLR\AUTH\7732384
Код отношения Прочие
702 #1 - ИМЯ ЛИЦА - ВТОРИЧНАЯ ОТВЕТСТВЕННОСТЬ
Начальный элемент ввода Королькова
Часть имени, кроме начального элемента ввода Н. А.
Код отношения Составитель
712 02 - НАИМЕНОВАНИЕ ОРГАНИЗАЦИИ - ВТОРИЧНАЯ ОТВЕТСТВЕННОСТЬ
Начальный элемент ввода Архангельская областная научная библиотека им. Н. А. Добролюбова
Идентификатор авторитетной/нормативной записи RU\NLR\AUTH\889963755
Код отношения Прочие
801 #0 - ИСТОЧНИК ЗАПИСИ
Страна Российская Федерация
Организация РГБ
Дата составления 20140604
Правила каталогизации RCR
942 ## - ДОПОЛНИТЕЛЬНЫЕ ЭЛЕМЕНТЫ ЗАПИСИ (АБИС)
Тип экземпляра АБИС Книга
980 ## - КОЛЛЕКЦИЯ
Название коллекции НБР
980 ## - КОЛЛЕКЦИЯ
Название коллекции Национальная библиография

Нет доступных экземпляров.